| 000 | 00641nam a22001937a 4500 | ||
|---|---|---|---|
| 003 | OSt | ||
| 005 | 20251023064601.0 | ||
| 008 | 251001b |||||||| |||| 00| 0 eng d | ||
| 020 | _a978-007-125933-0. | ||
| 040 |
_aDWCL-Main lib _cOC |
||
| 082 | _aCirc. 174.4 M667e 2008 | ||
| 100 | _aMintz, Steven M. | ||
| 245 |
_aEthical obligations and decision making in accounting : _btext and cases |
||
| 260 |
_aN. Y. : _bMcGraw-Hill/Irwin, _cc2008. |
||
| 300 |
_axiii, 287 pages ; _c25 cm. |
||
| 504 | _aIncludes bibliographical references and index. | ||
| 650 | _21. Accountants-Professional ethics-United States. | ||
| 942 |
_2ddc _cBK-CIRC _kCirc. _n0 |
||
| 999 |
_c4577 _d4577 |
||